| 000 | 00950nas a22002657a 4500 | ||
|---|---|---|---|
| 005 | 20130909153932.0 | ||
| 008 | 090225t xxu||||| |||| 00| 0 eng d | ||
| 022 | _a1464-9934 | ||
| 040 |
_aDLC _cDLC _dDLC |
||
| 043 | _aew----- | ||
| 050 |
_aZ7165.E8 _bR45 _aHC240 |
||
| 082 | _a016.33894 | ||
| 245 | _aProgress in development studies | ||
| 260 |
_aNew Delhi _bSage Publications _c2008- |
||
| 300 |
_av ; _c28 cm. |
||
| 310 | _aQuarterly | ||
| 500 | _a"Prepared at the request of the European Association of Development Research and Training Institutes." | ||
| 650 |
_aEconomic development _xResearch _xBibliography. |
||
| 651 |
_aEurope _xEconomic policy _xResearch _xBibliography. |
||
| 700 | _aCraen, H. de. | ||
| 710 |
_aUniversitaire Faculteiten St. Ignatius. _bCentrum Derde Wereld. |
||
| 856 | _uhttp://pdj.sagepub.com | ||
| 906 |
_a7 _bcbc _corignew _d4 _encip _f19 _gy-gencatlg |
||
| 942 |
_2ddc _cSR _h016.33894 _mPRO _s1 |
||
| 999 |
_c24385 _d24385 |
||